Panjab castes (Record no. 328767)

000 -LEADER
fixed length control field 01390nam a2200349 a 4500
001 - CONTROL NUMBER
control field 3803249
003 - CONTROL NUMBER IDENTIFIER
control field Nust
005 - DATE AND TIME OF LATEST TRANSACTION
control field 20210301130419.0
008 - FIXED-LENGTH DATA ELEMENTS--GENERAL INFORMATION
fixed length control field 850409r19821916pk 000 0 eng
010 ## - LIBRARY OF CONGRESS CONTROL NUMBER
LC control number 84930910
020 ## - INTERNATIONAL STANDARD BOOK NUMBER
Terms of availability Rs75.00 ($10.00 U.S.)
038 ## - RECORD CONTENT LICENSOR
Staff Name Arshad
040 ## - CATALOGING SOURCE
Original cataloging agency DLC
Transcribing agency DLC
Modifying agency DLC
043 ## - GEOGRAPHIC AREA CODE
Geographic area code a-ii---
050 00 - LIBRARY OF CONGRESS CALL NUMBER
Classification number DS422.C3
Item number I23 1982
082 00 - DEWEY DECIMAL CLASSIFICATION NUMBER
Classification number 305.512209545522
Author Mark IBB
100 1# - MAIN ENTRY--PERSONAL NAME
Personal name Ibbetson, Denzil,
Titles and words associated with a name Sir,
Dates associated with a name 1847-1908.
9 (RLIN) 21002
Linkage 100-01
245 10 - TITLE STATEMENT
Title Panjab castes
Remainder of title being a reprint of the chapter on "The races, castes, and tribes of the people" in the report on the census of the Panjab published in 1883 by the late Sir Denzil Ibbetson, K.C.S.I.
Linkage 245-02
260 ## - PUBLICATION, DISTRIBUTION, ETC.
Place of publication, distribution, etc. Lahore :
Name of publisher, distributor, etc. Sh. Mubarak Ali,
Date of publication, distribution, etc. 1982.
Linkage 260-03
300 ## - PHYSICAL DESCRIPTION
Extent viii, 741 p. ;
Dimensions 25 cm.
500 ## - GENERAL NOTE
General note Reprint. Originally published: Lahore : Supt., Govt. Print., Punjab, 1916.
500 ## - GENERAL NOTE
General note Limited edition 250 copies.
563 ## - BINDING INFORMATION
Binding note Hbk
650 #0 - SUBJECT ADDED ENTRY--TOPICAL TERM
Topical term or geographic name entry element Caste
Geographic subdivision India
-- Punjab.
9 (RLIN) 20998
650 #0 - SUBJECT ADDED ENTRY--TOPICAL TERM
Topical term or geographic name entry element Ethnology
Geographic subdivision India
-- Punjab.
9 (RLIN) 20997
651 #0 - SUBJECT ADDED ENTRY--GEOGRAPHIC NAME
Geographic name Punjab (India)
General subdivision Social life and customs.
9 (RLIN) 35767
880 ## - ALTERNATE GRAPHIC REPRESENTATION
Linkage 100-01\(3\r
Title سر ڈینزل ابٹسن
880 ## - ALTERNATE GRAPHIC REPRESENTATION
Linkage 245-02\(3\r
Title پنجاب کی ذاتیں /
b سر ڈینزل ابٹسن
880 ## - ALTERNATE GRAPHIC REPRESENTATION
Linkage 260-03\(3\r
Title لاہور:
b شیخ مبارک علی،
c 1982
906 ## - LOCAL DATA ELEMENT F, LDF (RLIN)
a 7
b cbc
c orignew
d 3
e ncip
f 19
g y-gencatlg
942 ## - ADDED ENTRY ELEMENTS (KOHA)
Source of classification or shelving scheme
Koha item type Book
Holdings
Withdrawn status Lost status Source of classification or shelving scheme Damaged status Not for loan Collection code Permanent Location Current Location Shelving location Date acquired Total Checkouts Full call number Barcode Date last seen Date last checked out Copy number Price effective from Koha item type
            Central Library (CL) Central Library (CL) Book Cart 04/17/2017 4 305.512209545522 IBB CL2859 10/27/2024 09/18/2019 1 04/17/2017 Book
© 2023 Central Library, National University of Sciences and Technology. All Rights Reserved.